000 00741nas a2200253 4500
001 BR0400353
003 BR-BrBNA
005 20231205104239.0
007 ta
008 230509b bl.|||p| |||| 00| 00por d
040 _aBR-BrBNA
_bpor
_cBiblioteca Nacional de Agricultura
041 _a(Pt)
072 _aE14; E16
100 1 _aPassos, O.S.
245 1 _aO Nordeste brasileiro; uma nova região
650 _aDESENVOLVIMENTO AGRÍCOLA
650 _aCRESCIMENTO ECONÔMICO
650 _aANÁLISE ECONÔMICA
650 _aDADOS ESTATÍSTICOS
650 _aNORDESTE
773 0 _tAgroanalysis (Brazil)
_xISSN 0100-4298
_g(May 2003), v. 23(3) p. 59-62
_wBR0400353
909 _a202311
_bLúcia
_c55
_dLúcia Elande
942 _2AGRIS
_n0
_cANA
999 _c177158
_d177158